Govt. of
Madhya Pradesh

Literary criticism in india (Record no. 69049)

MARC details
000 -LEADER
fixed length control field 00299nam a22001097a 4500
082 ## - DEWEY DECIMAL CLASSIFICATION NUMBER
Classification number 800/RAM
100 ## - MAIN ENTRY--AUTHOR NAME
Personal name Edi. Ramakrishnan, E.V.
245 ## - TITLE STATEMENT
Title Literary criticism in india
Sub Title Texts, trends and trajectories
260 ## - PUBLICATION, DISTRIBUTION, ETC. (IMPRINT)
Place of publication New delhi
Name of publisher Sahitya akademi
Year of publication 2025
650 ## - SUBJECT ADDED ENTRY--TOPICAL TERM
Topical Term Literature
942 ## - ADDED ENTRY ELEMENTS (KOHA)
Koha item type Books
Holdings
Withdrawn status Lost status Damaged status Not for loan Home library Current library Date acquired Cost, normal purchase price Full call number Accession Number Price effective from Koha item type
        MACL MACL 10/04/2026 270.00 800/RAM CRE040489 10/04/2026 Books